Central Library OPAC University of Rajshahi

حسرت موہانى / Ḥasrat Mūhānī / (Record no. 85306)

MARC details
000 -LEADER
fixed length control field 00659nam a22002057a 4500
001 - CONTROL NUMBER
control field 85306
003 - CONTROL NUMBER IDENTIFIER
rucl marc code BD-RjUL
005 - DATE AND TIME OF LATEST TRANSACTION
control field 20250724103022.0
008 - FIXED-LENGTH DATA ELEMENTS--GENERAL INFORMATION
fixed length control field 250724s1953 ii ||||| |||| 00| 0 urd d
035 ## - SYSTEM CONTROL NUMBER
System control number (BD-RjUL) 85306
040 ## - CATALOGING SOURCE
Original cataloging agency BD-RjUL
Language of cataloging eng
Transcribing agency BD-RjUL
041 ## - LANGUAGE CODE
Language code of text/sound track or separate title urd
082 ## - DEWEY DECIMAL CLASSIFICATION NUMBER
Edition number 23
Classification number 891.43915
Author mark and year ABH 1953
100 ## - MAIN ENTRY--PERSONAL NAME
Personal name عبد الشکور ;; Abdul Shakoor
9 (RLIN) 16243
245 10 - TITLE STATEMENT
Title حسرت موہانى / Ḥasrat Mūhānī /
Statement of responsibility, etc. عبد الشکور ;; Abdul Shakoor
300 ## - PHYSICAL DESCRIPTION
Pagination 200 p.;
Size 17 cm
600 ## - SUBJECT ADDED ENTRY--PERSONAL NAME
Personal name Ḥasrat Mūhānī,
Dates associated with a name 1875-1951
General subdivision Biographies Ḥasrat Mūhānī,
650 ## - SUBJECT ADDED ENTRY--TOPICAL TERM
Topical term or geographic name as entry element Biography
Chronological subdivision 20th century
9 (RLIN) 16245
942 ## - ADDED ENTRY ELEMENTS (KOHA)
Source of classification or shelving scheme Dewey Decimal Classification
Koha item type Books
Holdings
Lost status Source of classification or shelving scheme Damaged status Not for loan Collection code Permanent Location Current Location Shelving location Date acquired Source of acquisition Cost, normal purchase price Full call number Date last seen Copy number Koha item type
  Dewey Decimal Classification   Not For Loan Non-fiction Central Library, University of Rajshahi Central Library, University of Rajshahi Reading Room 09/10/1971 Sh. Mubarak ali 3.75 U 891.43915 ABH 1953 24/07/2025 C-1 Books